| 000 | 00980nam a22002537a 4500 | ||
|---|---|---|---|
| 999 |
_c15903 _d15903 |
||
| 003 | AR-CdUCM | ||
| 008 | 190430b ||||| |||| 00| 0 spa d | ||
| 020 | _a978-612-45633-5-5 | ||
| 040 |
_aMUNICIPALIDAD PROVINCIAL DEL CUSCO _cBIBLIOTECA MUNICIPAL DEL CUSCO |
||
| 082 |
_aEP / 398 / _bB39 |
||
| 100 |
_aBerrocal, Carmelón. _935120 |
||
| 245 |
_aAnti jawarinaka : _aRelatos andinos : _bAimara / |
||
| 260 |
_aLima : _c2009. _bComite de damas del congreso de la republicana : Fondo editorial del congreso de la república,. |
||
| 300 |
_a45 páginas ; _c29 cm. _bIlustraciones. |
||
| 440 |
_aAugmattai Perunumia Dakumjamu / Cuentos pintados del Perú. _n6 _935121 |
||
| 500 | _aLibros de lectura. | ||
| 505 | _aContenido :Relatos andinos ... | ||
| 650 |
_aLenguas amazónicas. _935092 |
||
| 650 |
_aAimara. _94896 |
||
| 700 |
_aMacera, Pablo (ilustraciones) _935122 |
||
| 700 |
_aAndazabal, Rosaura (ilustraciones) _935123 |
||
| 942 |
_2ddc _cLIBROS |
||
| 945 |
_arum _d2019-04-30 |
||